[Event "AUTO-ADV-4870"]
[Site "http://www.queenalice.com/game.php?id=1864346"]
[Date "2025.10.16"]
[Round "2"]
[White "altair"]
[Black "Esvir"]
[Result "0-1"]
[WhiteElo "1793"]
[BlackElo "2007"]

1. e4 e5 2. Nf3 d6 3. h3 Nf6 4. d3 Be7 5. Be2 Nc6 6. a3 a5 7. O-O O-O 8. Nc3 Nd4
9. b3 Nxe2+ 10. Qxe2 c6 11. Bb2 Qc7 12. Nd1 b5 13. c4 Qb6 14. Nc3 bxc4 15. dxc4
Nh5 16. b4 axb4 17. axb4 Rxa1 18. Rxa1 Qxb4 19. Nh2 Nf4 20. Qd2 Qxc4 21. Ra4 Qe6
22. Na2 d5 23. Nc3 Bg5 24. Qc2 d4 25. Ne2 d3 26. Nxf4 dxc2 27. Nxe6 Bxe6 28. Ra1
Rd8 29. Rf1 Bc4 30. Re1 Rd1 31. Nf3 Bd2 32. Nxd2 Rxe1+ 33. Kh2 c1=Q 34. Bxc1
Rxc1 35. Nf3 Bd3 36. Nxe5 Bxe4 37. f3 Bd5 38. g4 f6 39. Kg3 fxe5 0-1

[Event "AUTO-ADV-4870"]
[Site "http://www.queenalice.com/game.php?id=1864355"]
[Date "2025.10.16"]
[Round "2"]
[White "Fauquinelle"]
[Black "Esvir"]
[Result "0-1"]
[WhiteElo "2000"]
[BlackElo "2014"]

1. d4 d5 2. c4 dxc4 3. Nf3 Nf6 4. Qa4+ Bd7 5. Qxc4 b5 6. Qc2 e6 7. e3 a5 8. a3
Na6 9. Bd3 c5 10. O-O Rc8 11. Qc3 cxd4 12. Qxd4 Bc5 13. Qh4 O-O 14. Nc3 Nc7 15.
Ng5 h6 16. Nge4 Nxe4 17. Qxd8 Rcxd8 18. Bxe4 f5 19. Bf3 g5 20. Na2 b4 21. axb4
axb4 22. b3 Bb5 23. Re1 Bd6 24. Bb2 g4 25. Be2 h5 26. Bxb5 Nxb5 27. Rad1 Kf7 28.
Rd3 Bxh2+ 29. Kxh2 Rxd3 30. Nc1 Rd2 31. Be5 Rxf2 32. Nd3 Rd2 33. Nxb4 h4 34. Kg1
h3 35. g3 Rfd8 36. Nc6 Rg2+ 37. Kh1 Rdd2 0-1